Дело об утверждении Ф.И. Успенского ординарным академиком Академии наук

Доступно только в Электронных читальных залах Найти на картеНа карте
RUSMARC
00005384nmc2a22000003x 450
0013a868466-014f-41ad-b749-3e5c03fdefd0
00520250707124425.0
100##$a20180118l19161916k l0rusy0189 ca
1010#$arus
102##$aRU
2001#$aДело об утверждении Ф.И. Успенского ординарным академиком Академии наук
$j22 января - 28 марта 1916 г.
251##$cДело
300##$aДело
801#0$aRU
$bРГИА
$c20180118
$gRCR
801#1$aRU
$bГлавНИВЦ
$c20180118
$2rusmarc
801#2$aRU
$bПБ им. Б.Н. Ельцина
$c20200123
$gRCR
$2rusmarc
850##$aРГИА
852##$aРГИА
$eФедеральное казенное учреждение "Российский государственный исторический архив" (РГИА)
$j383
937##$hРГИА
$d12226403
$aASBIBLIO_SCAN
462#0$100146c96731-af2d-49ce-8199-721d162b0637
$12001
$aДела по ученым учреждениям и высшим учебным заведениям Департамента народного просвещения за 1915-1917 годы
$1251
$cОпись
$1852
$j156
461#0$1001a74412a3-3cc5-4d21-8f0a-dfe2fbd9e72d
$12001
$aДепартамент народного просвещения Министерства народного просвещения (1803-1917)
$1251
$cФонд
$1852
$j733
215##$a9 л.
$d36,5х26 см
371##$aДокумент не является опубликованным и широко распространяемым
105##$ay###
1222#$ad
035##$a3a868466-014f-41ad-b749-3e5c03fdefd0
856##$uhttp://readingroom.main.prlib.ru/item.aspx?id_node=n137466176&mode=full
600#1$aУспенский
$2nlr_sh1
$3RU\NLR\AUTH\6676806
$bФ.И.
$f1845 - 1928
$gФедор Иванович
$jДокументы и материалы
6061#$2nlr_sh
$3RU\NLR\AUTH\661334097
$aУченые степени и звания
$xИстория
$yРоссия
$jДокументы и материалы
605##$2acquisition_Prlib
$3DITM\AF\0000003834
$aНарод
$lколлекция
605##$aВласть
$lколлекция
$2acquisition_Prlib
$3DITM\AF\0000002775
605##$2acquisition_Prlib
$3DITM\AF\0000004166
$aРоссия в лицах
$lколлекция
686##$a63.3(2)5-8ю11
$2rubbk
$vLBC/M
686##$a72.3ю11
$2rubbk
$vLBC/M
Формат отображения